000 00572na a2200217 4500
001 14508
003 MIRAKIL
005 20181213154842.0
008 160829b tu 000 0
020 _a9755092757
035 _a14473
040 _aMilas
_btur
_cTR-AnCHP
082 _aDAN 411
_bP97y 2001
090 _aDAN 411 P97y 2001
100 _aPüsküllüoğlu, Ali
_d1935-
245 _aYazım kılavuzu
_cAli Püsküllüoğlu
260 _aAnkara
_bArkadaş
_c2001
300 _a740 s.
_c20 sm.
650 _aTürk dili
_xYazım kılavuzları
942 _2ddc
_cBKS
999 _c1996
_d1996